UBT Library

LA HISTORIA DE PROFETAS Y REYES (Record no. 20696)

000 -LEADER
fixed length control field 00279nam a22001217a 4500
008 - FIXED-LENGTH DATA ELEMENTS--GENERAL INFORMATION
fixed length control field 170714b xxu||||| |||| 00| 0 eng d
041 ## - LANGUAGE CODE
Language code of text/sound track or separate title eng
080 ## - UNIVERSAL DECIMAL CLASSIFICATION NUMBER
Universal Decimal Classification number 1(091)
100 ## - Rafti
Rafti 23
101 ## - Shkurtesa
Shkurtesa FIL
245 ## - TITLE STATEMENT
Title LA HISTORIA DE PROFETAS Y REYES
Statement of responsibility, etc WHITE.E.G
942 ## - ADDED ENTRY ELEMENTS (KOHA)
Source of classification or shelving scheme
Item type Books
Holdings
Withdrawn status Lost status Source of classification or shelving scheme Damaged status Not for loan Collection code Permanent location Current location Shelving location Date acquired Total Checkouts Full call number Barcode Date last seen Price effective from Koha item type
          Koleksioni i përgjithshem UBT - Lipjan UBT - Lipjan Koleksioni i përgjithshem 07/14/2017   1(091) WHI 002-2911757 07/14/2017 07/14/2017 Books
UBT Library © 2015-2024. All rights reserved University Education for Business and Technology